| 000 | 00619cam a2200229 4500 | ||
|---|---|---|---|
| 001 | M2298 | ||
| 008 | 090401t1997 xxu||||| |||| 00| 0 eng d | ||
| 035 | _a(Sirsi) u37677 | ||
| 041 | _aeng | ||
| 050 |
_a333.332 _c18 |
||
| 090 | _aRICS 1997/3ABCD | ||
| 110 |
_aRoyal Institution of Chartered Surveyors _94900 |
||
| 245 | _aOld mine entries (ie shafts or adits) | ||
| 260 |
_aLondon _bRICS _c1997 |
||
| 300 |
_a[6]p. _c30cm. |
||
| 520 | _aDraft RICS guidance note. | ||
| 650 | _aMINE ENTRIES | ||
| 650 | _aMINESHAFTS | ||
| 690 | _aPROPERTY-PROPERTY APPRAISAL AND VALUATION | ||
| 942 | _n0 | ||
| 948 | _c04/03/1997 | ||
| 999 |
_c90519 _d90519 |
||